| 000 -LEADER |
| fixed length control field |
00994cam a2200241 i 4500 |
| 003 - CONTROL NUMBER IDENTIFIER |
| control field |
OSt |
| 005 - DATE AND TIME OF LATEST TRANSACTION |
| control field |
20220321131420.0 |
| 006 - FIXED-LENGTH DATA ELEMENTS--ADDITIONAL MATERIAL CHARACTERISTICS--GENERAL INFORMATION |
| fixed length control field |
m |o d | |
| 008 - FIXED-LENGTH DATA ELEMENTS--GENERAL INFORMATION |
| fixed length control field |
180604s2019 enk ob 001 0 eng |
| 020 ## - INTERNATIONAL STANDARD BOOK NUMBER |
| International Standard Book Number |
9781138673472 |
| Qualifying information |
(pbk) |
| 040 ## - CATALOGING SOURCE |
| Original cataloging agency |
DLC |
| Language of cataloging |
eng |
| Description conventions |
rda |
| Transcribing agency |
DLC |
| Modifying agency |
DLC |
| 042 ## - AUTHENTICATION CODE |
| Authentication code |
pcc |
| 082 00 - DEWEY DECIMAL CLASSIFICATION NUMBER |
| Classification number |
153.4/3 |
| Edition number |
23 |
| Item number |
AND |
| 100 1# - MAIN ENTRY--PERSONAL NAME |
| Personal name |
Pressman, Andy, |
| Relator term |
author. |
| 245 10 - TITLE STATEMENT |
| Title |
Design thinking : |
| Remainder of title |
a guide to creative problem solving for everyone / |
| Statement of responsibility, etc |
Andrew Pressman. |
| 300 ## - PHYSICAL DESCRIPTION |
| Extent |
1 online resource. |
| 504 ## - BIBLIOGRAPHY, ETC. NOTE |
| Bibliography, etc |
Includes bibliographical references and index. |
| 505 0# - FORMATTED CONTENTS NOTE |
| Formatted contents note |
Processes. Design Thinking Overview -- Building Blocks of Design Thinking -- Tools and Strategies -- Applications. Politics and Society -- Business -- Health and Science -- Law -- Writing -- Index. |
| 650 #0 - SUBJECT ADDED ENTRY--TOPICAL TERM |
| Topical term or geographic name as entry element |
Problem solving. |
| 650 #0 - SUBJECT ADDED ENTRY--TOPICAL TERM |
| Topical term or geographic name as entry element |
Creative thinking. |
| 776 08 - ADDITIONAL PHYSICAL FORM ENTRY |
| Display text |
Print version: |
| Main entry heading |
Pressman, Andy, author. |
| Title |
Design thinking |
| Place, publisher, and date of publication |
New York : Routledge, 2019 |
| International Standard Book Number |
9781138673458 |
| Record control number |
(DLC) 2018026556 |
| 942 ## - ADDED ENTRY ELEMENTS (KOHA) |
| Source of classification or shelving scheme |
|